| 000 | 00431pam a2200157a 44500 | ||
|---|---|---|---|
| 008 | 230515b2011 xxu||||| |||| 00| 0 eng d | ||
| 020 | _a978-93-5025-111-9 | ||
| 041 | _aENGLISH | ||
| 082 | _a610.73 | ||
| 100 | _aNIRMALA V , J SILVIA, EDISON SUNI MS | ||
| 245 | _aRESEARCH METHODOLOGY IN NURSING | ||
| 250 | _a1 | ||
| 260 |
_a _bJAYPEE BROTHERS MEDICAL PUBLISHERS (P) LTD. _c2011 |
||
| 300 | _a192 | ||
| 650 | _aNURSING RESEARCH | ||
| 999 |
_c505291 _d505291 |
||